000 01275nam a22002297a 4500
999 _c63200
_d63200
003 Ge_BSU
005 20250625161852.0
008 250625s2018 ge ||||| |||| 00| 0 geo d
020 _a9789941316463
041 _ageo
080 _a51(072) მ-15
245 _aმათემატიკა : მე-4 კლასი :
_bმასწავლებლის წიგნი /
_cგურამ გოგიშვილი, თეიმურაზ ვეფხვაძე, ია მებონია, ლამარა ქურჩიშვილი; რედაქტორი თეიმურაზ ვეფხვაძე.
264 _aთბილისი :
_bინტელექტი,
_c2018.
300 _a280 გვ. :
_b ილ. ;
_c28 სმ.
504 _aბიბლიოგრ. გვ. 280
653 _aმათემატიკა
700 _aგოგიშვილი, გურამ
_eავტორი
_925528
700 _aვეფხვაძე, თეიმურაზ
_eავტორი, რედაქტორი
_925529
700 _aმებონია, ია
_eავტორი
_925530
700 _aქურჩიშვილი, ლამარა
_eავტორი
_925531
942 _2udc
_cᲬᲘᲒᲜᲘ